| 000 | 00859nam a2200241 a 4500 | ||
|---|---|---|---|
| 005 | 20230418063511.0 | ||
| 008 | 030926s2000 mx r 000 0 spa d | ||
| 020 | _a8449309468 | ||
| 035 | _aUPN01000129253 | ||
| 049 | _aCG | ||
| 050 | 4 |
_aRC489 R3 _bV5.8 |
|
| 245 | 0 | 0 |
_aVivir en una sociedad irracional : _buna guía para el bienestar mediante la terapia racional emotivo-conductual / _ccomp. Albert Ellis, Shawn Blau. |
| 260 |
_aBarcelona, Esp. : _bPaidós, _c2000. |
||
| 300 | _a494 p. | ||
| 440 | 0 |
_aPaidós ; _v176 |
|
| 534 |
_pTraducción de : _tThe Albert Ellis reader. A guide to well-being using rational emotive behavior therapy |
||
| 650 | 2 |
_aPsicoterapia racional emotiva _91715 |
|
| 650 | 4 |
_aAutocontrol _92903 |
|
| 650 | 2 |
_aAutodeterminación _94808 |
|
| 700 | 1 |
_aEllis, Albert, _ecomp. |
|
| 700 | 1 |
_aBlau, Shawn, _ecomp. |
|
| 905 | _aLibro | ||
| 999 |
_c101426 _d101426 |
||